Groundwater science

Αποθηκεύτηκε σε:
Λεπτομέρειες βιβλιογραφικής εγγραφής
Κύριος συγγραφέας: Fitts, Charles R. Charles Richard 1953-
Μορφή: Βιβλίο
Γλώσσα:English
Δημοσίευση: Amsterdam : Academic Press, c2002
Θέματα:
Ετικέτες: Προσθήκη ετικέτας
Δεν υπάρχουν, Καταχωρήστε ετικέτα πρώτοι!

MARC

LEADER 00000nam a2200000 i 4500
001 1/36686
008 030613s2002 eng d
020 |a 0-12-257855-4 
035 |l 10070113 
040 |a GR-MY-UA  |b gre  |e aacr 
041 0 |a eng 
082 0 |a 628.114  |2 (21) 
100 1 |a Fitts, Charles R.  |q Charles Richard  |d 1953- 
245 1 0 |a Groundwater science /  |c Charles R. Fitts 
260 |a Amsterdam :   |b Academic Press,   |c c2002 
300 |a 450 σ.;  |b εικ.;  |c 26 εκ. 
504 |a Περιέχει βιβλιογραφία και ευρετήριο 
650 0 0 |a Groundwater. 
650 0 0 |a Groundwater ecology. 
852 |a INST  |b LESVOS  |e 20030613  |h 628.114 FIT  |p 005100024570  |q 005100024570  |t BK  |y 0 
852 |a INST  |b LESVOS  |e 20071220  |h 628.114 FIT  |p 005100040824  |q 005100040824  |t BK  |y 0 
901 |a BIBL1-2003-2 
901 |a BIBL1-2007-3 
909 |a Λ  |b 102958 
909 |a Λ  |b 142750 
922 |a 1ΕΛΗ  |b 200211  |c ΕΠΕΑΕΚ2/ΤΠ  |d ΠΑΠΑΣΩΤΗΡΙΟΥ & ΕΛΕΥΘΕΡΟΥΔΑΚΗΣ 
922 |a 1ΕΛΗ  |b 200712  |c ΕΠΕΑΕΚ2/ΤΠ  |d ΕΛΕΥΘΕΡΟΥΔΑΚΗΣ 
970 |a ΚΑΡΑ  |b ΓΙΑΣΕΜΗ  |z 2003/06/13